| 000 | 01151cam a2200325 i 4500 | ||
|---|---|---|---|
| 001 | 17370901 | ||
| 003 | EG-ScBUE | ||
| 005 | 20250716092449.0 | ||
| 008 | 120702t2012 enka f b 001 0 eng d | ||
| 020 | _a9781848167308 | ||
| 020 | _a184816730X | ||
| 040 |
_aUKMGB _beng _erda _cUKMGB _dYDXCP _dSINIE _dBWX _dCDX _dIPL _dBTCTA _dDLC _dEG-ScBUE |
||
| 082 | 0 | 4 |
_a541.37 _bCOM _222 |
| 100 | 1 |
_aCompton, R. G., _eauthor. |
|
| 245 | 1 | 0 |
_aUnderstanding voltammetry : _bproblems and solutions / _cRichard G. Compton, Christopher Batchelor-McAuley, Edmund J.F. Dickinson. |
| 264 | 1 |
_aLondon : _bImperial College Press, _c[2012] |
|
| 264 | 4 | _cc2012 | |
| 300 |
_axv, 253 pages : _billustrations ; _c23 cm |
||
| 336 |
_2rdacontent _atext _btxt |
||
| 337 |
_aunmediated _2rdamedia _bn |
||
| 338 |
_avolume _bnc _2rdacarrier |
||
| 504 | _aIncludes bibliographical references and index. | ||
| 650 | 7 |
_aVoltammetry _vProblems, exercises, etc. _2BUEsh |
|
| 651 | _2BUEsh | ||
| 653 |
_bENGGEN _cFebruary2017 |
||
| 655 |
_vReading book _934232 |
||
| 700 | 1 |
_aBatchelor-McAuley, Christopher, _eauthor. |
|
| 700 | 1 |
_aDickinson, Edmund J. F., _eauthor. |
|
| 942 |
_2ddc _cBB |
||
| 999 |
_c24114 _d24086 |
||